书目信息 |
| 题名: |
东非史简编
|
|
| 作者: | 佐伊·马什 , G·W·金斯诺思 著 ;伍彤之 译 | |
| 分册: | ||
| 出版信息: | 上海 上海人民出版社 1974.10 |
|
| 页数: | 494页 | |
| 开本: | 20cm | |
| 丛书名: | ||
| 单 册: | ||
| 中图分类: | K42 | |
| 科图分类: | ||
| 主题词: | 东非--历史 | |
| 电子资源: | ||
| ISBN: | ||
| 000 | 00788nam0 2200265 45 | |
| 001 | 0212190983 | |
| 005 | 20031219104102.5 | |
| 010 | @dCNY1.55 | |
| 091 | @a11171.51 | |
| 100 | @a20021219d1974 km y0chiy0120 ea | |
| 101 | 0 | @achi |
| 105 | @ab z 000yy | |
| 200 | 1 | @a东非史简编@ADong Fei Shi Jian Bian@f(英)佐伊·马什,G·W·金斯诺思著@F(Ying)Zuo Yi·Ma Shen,G·W·Jin Si Nuo Si Zhu@g伍彤之译 |
| 210 | @a上海@c上海人民出版社@d1974.10 | |
| 215 | @a494页@c地图@d20cm | |
| 300 | @a内部参考读物 | |
| 300 | @a附录:肯尼亚战后的变化,1945年-1960年等 | |
| 320 | @a索引 | |
| 606 | 0 | @a东非@x历史 |
| 690 | @aK42@v3 | |
| 701 | 0 | @a佐伊·马什@4著 |
| 701 | 0 | @aG·W·金斯诺思@4著 |
| 702 | 0 | @a伍彤之@AWu Tong Zhi@4译 |
| 801 | @aCN@bTSTC@c20021219 | |
| 905 | @f1@b219203@dK42@e7 | |
| 东非史简编/(英)佐伊·马什,G·W·金斯诺思著/伍彤之译.-上海:上海人民出版社,1974.10 |
| 494页:地图;20cm |
| 内部参考读物.-附录:肯尼亚战后的变化,1945年-1960年等 |
| ISBN :CNY1.55 |
| ● |
| 相关链接 |
|
|
|
|
正题名:东非史简编
索取号:K42/7
 
预约/预借
| 序号 | 登录号 | 条形码 | 馆藏地/架位号 | 状态 | 备注 |
| 1 | 0219203 | 001746178 | 第二样本阅览室/ [索取号:K42/7] | 在馆 |